[Event "Schilcherland op 3rd"]
[Site "Deutschlandsberg"]
[Date "2019.12.30"]
[Round "4"]
[White "Zojer, Stefan"]
[Black "Janzelj, Tim"]
[Result "0-1"]
[WhiteElo "2169"]
[BlackElo "2446"]
[PlyCount "80"]
[EventDate "2019.12.28"]
[EventType "swiss"]
[EventRounds "9"]
[EventCountry "AUT"]
[SourceTitle "CBM 194 Extra"]
[Source "ChessBase"]
[SourceDate "2020.03.31"]
[SourceVersion "1"]
[SourceVersionDate "2020.03.31"]
[SourceQuality "1"]

1. d4 f5 2. Bf4 Nf6 3. e3 e6 4. c4 Bb4+ 5. Nc3 Bxc3+ 6. bxc3 d6 7. Bd3 0-0 8. Ne2 Nc6 9. Bg5 h6 10. Bxf6 Qxf6 11. Ng3 e5 12. 0-0 f4 13. Ne4 Qh4 14. g3 Qh3 15. Be2 Bd7 16. Bf3 Kh8 17. d5 Na5 18. c5 Bb5 19. Re1 fxg3 20. hxg3 Qf5 21. Bg2 dxc5 22. g4 Qf7 23. g5 Nc4 24. Qb3 Ba6 25. Rad1 Nd6 26. Qc2 b6 27. Ng3 Rae8 28. Rd2 Qe7 29. gxh6 gxh6 30. Be4 Rg8 31. Kg2 Rg4 32. Bf3 Rg5 33. e4 Rf8 34. Rh1 Kg7 35. Qd1 Rf4 36. Rh5 Rg6 37. Qh1 Qf6 38. Rxh6 Rxh6 39. Nh5+ Rxh5 40. Qxh5 Rh4 0-1

[Event "AUT-ch"]
[Site "Vienna"]
[Date "2018.07.28"]
[Round "8"]
[White "Zojer, Stefan"]
[Black "Breneis, Lukas"]
[Result "1-0"]
[WhiteElo "2108"]
[BlackElo "2205"]
[PlyCount "109"]
[EventDate "2018.07.22"]
[EventType "swiss"]
[EventRounds "9"]
[EventCountry "AUT"]
[SourceTitle "CBM 185 Extra"]
[Source "ChessBase"]
[SourceDate "2018.07.29"]
[SourceVersion "1"]
[SourceVersionDate "2018.07.29"]
[SourceQuality "1"]

1. d4 d5 2. e3 Nf6 3. Bd3 c5 4. b3 Nc6 5. Nf3 Bg4 6. Bb2 e6 7. 0-0 Bd6 8. Nbd2 0-0 9. a3 cxd4 10. exd4 Rc8 11. Re1 Re8 12. Qb1 Qb6 13. c4 Bxf3 14. Nxf3 Qxb3 15. Re3 Qa4 16. Ne5 Ne7 17. c5 Bxe5 18. dxe5 Ne4 19. Bxe4 dxe4 20. Rxe4 Qc6 21. a4 Qxc5 22. Bd4 Qd5 23. Bxa7 Nc6 24. Be3 Nxe5 25. Rb4 Nc4 26. Rb5 Qd6 27. Rxb7 Nxe3 28. fxe3 Qc5 29. Qe4 Red8 30. a5 Qc3 31. Rf1 Rc4 32. Qf3 f5 33. a6 Re4 34. a7 Rxe3 35. Qd1 Red3 36. Qa1 Qc5+ 37. Kh1 Qf8 38. Rfb1 Ra8 39. Qa6 Rd6 40. Qxd6 Qxd6 41. Rb8+ Kf7 42. Rxa8 Qa3 43. Rab8 Qxa7 44. R8b7+ Qxb7 45. Rxb7+ Kf6 46. Kg1 e5 47. Rb6+ Kg5 48. Re6 e4 49. Kf2 Kf4 50. Re7 g5 51. g3+ Kg4 52. Rxh7 f4 53. h3+ Kf5 54. g4+ Ke5 55. Rd7 1-0

[Event "AUT-ch"]
[Site "Vienna"]
[Date "2018.07.24"]
[Round "4"]
[White "Zojer, Stefan"]
[Black "Newrkla, Katharina"]
[Result "0-1"]
[WhiteElo "2108"]
[BlackElo "2175"]
[PlyCount "76"]
[EventDate "2018.07.22"]
[EventType "swiss"]
[EventRounds "9"]
[EventCountry "AUT"]
[SourceTitle "CBM 185 Extra"]
[Source "ChessBase"]
[SourceDate "2018.07.29"]
[SourceVersion "1"]
[SourceVersionDate "2018.07.29"]
[SourceQuality "1"]

1. d4 Nf6 2. Nf3 c5 3. e3 g6 4. dxc5 Qa5+ 5. Nbd2 Bg7 6. a3 Qxc5 7. c4 Qc7 8. Be2 d6 9. 0-0 0-0 10. Nd4 a6 11. b4 Nc6 12. Bb2 Bd7 13. Rc1 Rfc8 14. Nb1 Qd8 15. Nc3 h5 16. Qb3 Bg4 17. Nf3 e5 18. h3 Bf5 19. Rfd1 Qe7 20. Na4 Nd7 21. Rd2 e4 22. Nd4 Nxd4 23. Bxd4 b5 24. Nc3 bxc4 25. Bxc4 Bxd4 26. Rxd4 Ne5 27. Rcd1 Qg5 28. Nxe4 Nf3+ 29. Kh1 Nxd4 30. Bxf7+ Kg7 31. Qd5 Qe7 32. Qxd4+ Kxf7 33. Nxd6+ Kg8 34. g4 hxg4 35. hxg4 Qh4+ 36. Kg2 Qxg4+ 37. Qxg4 Bxg4 38. Rd4 Rd8 0-1

[Event "AUT-chT2O 1718"]
[Site "Austria"]
[Date "2018.02.24"]
[Round "8.1"]
[White "Alvir, Aco"]
[Black "Zojer, Stefan"]
[Result "1-0"]
[WhiteElo "2375"]
[BlackElo "2127"]
[PlyCount "91"]
[EventDate "2017.10.21"]
[EventType "team-tourn"]
[EventRounds "11"]
[EventCountry "AUT"]
[SourceTitle "EXT 2019"]
[Source "ChessBase"]
[SourceDate "2018.10.10"]
[SourceVersion "1"]
[SourceVersionDate "2018.10.10"]
[SourceQuality "1"]
[WhiteTeam "Pamhagen II"]
[BlackTeam "Baden Invest"]
[WhiteTeamCountry "AUT"]
[BlackTeamCountry "AUT"]

1. e4 e5 2. Nf3 Nc6 3. Bc4 Bc5 4. 0-0 d6 5. c3 Nf6 6. d3 a6 7. Bb3 h6 8. Nbd2 0-0 9. Re1 Ba7 10. Nf1 Re8 11. Ng3 Ne7 12. Be3 Bxe3 13. Rxe3 Ng6 14. d4 Bd7 15. Qd2 Nf4 16. Ree1 g5 17. dxe5 dxe5 18. Rad1 Qc8 19. Bc4 Bg4 20. Qe3 b5 21. Bf1 Qe6 22. h3 Bxf3 23. Qxf3 Qxa2 24. Nf5 Kh7 25. g3 N4h5 26. c4 b4 27. b3 Red8 28. Rd5 Rxd5 29. cxd5 Qc2 30. Bc4 Qc3 31. Qd1 Ng7 32. Re3 Qb2 33. Re2 Qa3 34. Ne7 Nd7 35. Nc6 Nb6 36. Nxe5 f6 37. Ng4 Nxc4 38. bxc4 b3 39. Nxf6+ Kg6 40. e5 Rb8 41. Qb1+ Kf7 42. Nd7 Rb7 43. Qh7 Qa1+ 44. Kg2 c6 45. e6+ Ke7 46. Qg8 1-0

[Event "Niederoesterreich Landesliga 1718"]
[Site "Austria"]
[Date "2018.01.21"]
[Round "7.2"]
[White "Vyskocil, Neklan"]
[Black "Zojer, Stefan"]
[Result "1-0"]
[WhiteElo "2325"]
[BlackElo "2127"]
[PlyCount "39"]
[EventDate "2017.10.01"]
[EventType "team-tourn"]
[EventRounds "11"]
[EventCountry "AUT"]
[SourceTitle "EXT 2019"]
[Source "ChessBase"]
[SourceDate "2018.10.10"]
[SourceVersion "1"]
[SourceVersionDate "2018.10.10"]
[SourceQuality "1"]
[WhiteTeam "Zwettl"]
[BlackTeam "Baden Invest II"]
[WhiteTeamCountry "AUT"]
[BlackTeamCountry "AUT"]

1. d4 d5 2. c4 c6 3. cxd5 cxd5 4. Nc3 Nf6 5. Bf4 Nc6 6. e3 Bf5 7. Nf3 Rc8 8. Qb3 Na5 9. Bb5+ Bd7 10. Qa4 Rc4 11. Bxd7+ Nxd7 12. Qd1 Qb6 13. Nxd5 Qxb2 14. 0-0 e6 15. Nc7+ Kd8 16. Ng5 Ke7 17. d5 e5 18. d6+ Kf6 19. Qh5 exf4 20. Ne8+ 1-0

[Event "AUT-chT2O 1516"]
[Site "Austria"]
[Date "2015.11.28"]
[Round "3.1"]
[White "Vitouch, Anatol"]
[Black "Zojer, Stefan"]
[Result "1-0"]
[WhiteElo "2254"]
[BlackElo "2109"]
[PlyCount "49"]
[EventDate "2015.10.17"]
[EventType "team-tourn"]
[EventRounds "11"]
[EventCountry "AUT"]
[SourceTitle "EXT 2017"]
[Source "ChessBase"]
[SourceDate "2016.10.25"]
[SourceVersion "1"]
[SourceVersionDate "2016.10.25"]
[SourceQuality "1"]
[WhiteTeam "Pamhagen"]
[BlackTeam "Baden Invest"]
[WhiteTeamCountry "AUT"]
[BlackTeamCountry "AUT"]

1. g3 g6 2. Bg2 Bg7 3. c4 d6 4. Nc3 f5 5. d3 Nf6 6. e3 0-0 7. Nge2 e5 8. 0-0 Kh8 9. Rb1 c6 10. b4 Be6 11. b5 d5 12. bxc6 bxc6 13. Ba3 Re8 14. cxd5 cxd5 15. Qa4 Nbd7 16. Nb5 Nb6 17. Qa5 e4 18. Ned4 exd3 19. Nd6 Nc4 20. Qxd8 Raxd8 21. Nxe6 Rxe6 22. Nf7+ Kg8 23. Nxd8 Re8 24. Nc6 Nxa3 25. Rb3 1-0

[Event "AUT-chT2O 1415"]
[Site "Austria"]
[Date "2015.01.24"]
[Round "6.6"]
[White "Zojer, Stefan"]
[Black "Karlusch, Albrecht"]
[Result "1-0"]
[WhiteElo "2093"]
[BlackElo "2129"]
[PlyCount "25"]
[EventDate "2014.10.18"]
[EventType "team-tourn"]
[EventRounds "11"]
[EventCountry "AUT"]
[SourceTitle "EXT 2016"]
[Source "ChessBase"]
[SourceDate "2015.10.08"]
[SourceVersion "1"]
[SourceVersionDate "2015.10.08"]
[SourceQuality "1"]
[WhiteTeam "Baden Invest"]
[BlackTeam "Donaustadt"]
[WhiteTeamCountry "AUT"]
[BlackTeamCountry "AUT"]

1. e4 e6 2. d4 d5 3. Nc3 Bb4 4. exd5 exd5 5. Bd3 Nf6 6. Bg5 0-0 7. Nge2 c5 8. dxc5 Re8 9. 0-0 Bg4 10. Bxf6 gxf6 11. Nxd5 Bxc5 12. Qd2 Nc6 13. Qh6 1-0

[Event "Niederoesterreich Landesliga 1415"]
[Site "Austria"]
[Date "2014.11.30"]
[Round "5.2"]
[White "Zojer, Stefan"]
[Black "Ganaus, Hannes"]
[Result "0-1"]
[WhiteElo "2084"]
[BlackElo "2322"]
[PlyCount "106"]
[EventDate "2014.10.05"]
[EventType "team-tourn"]
[EventRounds "11"]
[EventCountry "AUT"]
[SourceTitle "EXT 2016"]
[Source "ChessBase"]
[SourceDate "2015.10.08"]
[SourceVersion "1"]
[SourceVersionDate "2015.10.08"]
[SourceQuality "1"]
[WhiteTeam "Bad Voeslau/Kottingbrunn"]
[BlackTeam "Baden Invest II"]
[WhiteTeamCountry "AUT"]
[BlackTeamCountry "AUT"]

1. e4 c6 2. d4 d5 3. exd5 cxd5 4. Bd3 Nc6 5. c3 Nf6 6. Bf4 g6 7. h3 Bg7 8. Nf3 0-0 9. 0-0 b6 10. Re1 Bb7 11. Nbd2 Rc8 12. Ne5 Nxe5 13. Bxe5 e6 14. Nf3 Bh6 15. Nh2 Bg7 16. Qf3 Ne4 17. Bxg7 Kxg7 18. Ng4 h5 19. Nh2 Qf6 20. Bxe4 dxe4 21. Qe3 Qe7 22. f3 exf3 23. Nxf3 Bxf3 24. Qxf3 Rfd8 25. Re2 Rd7 26. Rf1 Rcd8 27. Re5 Rd5 28. Rfe1 Qf6 29. Qe3 R8d7 30. Rf1 Qe7 31. Re1 Rxe5 32. Qxe5+ Qf6 33. Qe3 Rd5 34. Rf1 Qd8 35. Qe4 b5 36. a3 a5 37. Qe3 Qd6 38. Rf4 f5 39. Rf1 e5 40. dxe5 Rxe5 41. Qf3 Qc5+ 42. Kh1 Re4 43. Qd3 h4 44. Rd1 Qe5 45. Qd8 Kh6 46. Qf8+ Kh5 47. Qg8 Re2 48. Qh7+ Kg5 49. Qg8 Rxb2 50. Qd8+ Kh5 51. Qg8 Re2 52. Qh7+ Kg5 53. Qg8 Qxc3 0-1

[Event "Groningen op-A 51st"]
[Site "Groningen"]
[Date "2013.12.26"]
[Round "5"]
[White "Zojer, Stefan"]
[Black "Den Hartog, Marijn"]
[Result "1-0"]
[WhiteElo "2089"]
[BlackElo "2025"]
[PlyCount "89"]
[EventDate "2013.12.21"]
[EventType "swiss"]
[EventRounds "9"]
[EventCountry "NED"]
[SourceTitle "CBM 158 Extra"]
[Source "ChessBase"]
[SourceDate "2014.02.28"]
[SourceVersion "1"]
[SourceVersionDate "2014.02.28"]
[SourceQuality "1"]

1. e4 e6 2. d4 d5 3. Nc3 Nf6 4. Bg5 dxe4 5. Nxe4 Nbd7 6. Nf3 Be7 7. Nxf6+ Nxf6 8. c3 0-0 9. Bd3 h6 10. Bd2 b6 11. Qc2 Bb7 12. 0-0-0 Qd6 13. Rde1 c5 14. dxc5 bxc5 15. Ne5 Ba6 16. c4 Bb7 17. Rhg1 Nd7 18. f4 Rad8 19. Bh7+ Kh8 20. Bc3 Nxe5 21. Bxe5 Qa6 22. b3 f6 23. Bc3 f5 24. Bg6 Be4 25. Qb2 Bf6 26. Bxf6 Rxf6 27. Bh5 Qd6 28. g3 Qd3 29. Rgf1 a5 30. a4 e5 31. fxe5 Rb6 32. Bd1 Rdb8 33. Bc2 Qd8 34. Bxe4 Rxb3 35. Qd2 Qb6 36. Qd6 Rc3+ 37. Kd1 Qb2 38. Qd2 fxe4 39. Rf8+ Kh7 40. Rxb8 Qxb8 41. Qxc3 Qb1+ 42. Kd2 Qb7 43. Qc2 Qd7+ 44. Kc1 Kg8 45. Rxe4 1-0

[Event "Groningen op-A 51st"]
[Site "Groningen"]
[Date "2013.12.23"]
[Round "3"]
[White "Zojer, Stefan"]
[Black "Von Meijenfeldt, Bart"]
[Result "0-1"]
[WhiteElo "2089"]
[BlackElo "2207"]
[PlyCount "50"]
[EventDate "2013.12.21"]
[EventType "swiss"]
[EventRounds "9"]
[EventCountry "NED"]
[SourceTitle "CBM 158 Extra"]
[Source "ChessBase"]
[SourceDate "2014.02.28"]
[SourceVersion "1"]
[SourceVersionDate "2014.02.28"]
[SourceQuality "1"]

1. e4 c5 2. Nc3 d6 3. f4 g6 4. Nf3 Bg7 5. Bb5+ Bd7 6. Bxd7+ Qxd7 7. 0-0 Nc6 8. d3 Nf6 9. Kh1 0-0 10. Ne2 d5 11. e5 Ne8 12. d4 cxd4 13. Nexd4 Nc7 14. Qe1 Nxd4 15. Nxd4 f6 16. Nf3 fxe5 17. fxe5 Ne6 18. Bd2 Nc5 19. Qh4 Ne4 20. Ng5 Rxf1+ 21. Rxf1 Nxg5 22. Bxg5 Qb5 23. Re1 Rf8 24. Be3 Qxb2 25. Qxe7 Qc3 0-1

[Event "AUT-chT2O 1112"]
[Site "Austria"]
[Date "2012.03.17"]
[Round "8.6"]
[White "Hechl, Gerald"]
[Black "Zojer, Stefan"]
[Result "1-0"]
[WhiteElo "2258"]
[BlackElo "2065"]
[PlyCount "51"]
[EventDate "2011.10.15"]
[EventType "team-tourn"]
[EventRounds "11"]
[EventCountry "AUT"]
[SourceTitle "EXT 2013"]
[Source "ChessBase"]
[SourceDate "2012.11.22"]
[SourceVersion "1"]
[SourceVersionDate "2012.11.22"]
[SourceQuality "1"]
[WhiteTeam "Eichgraben"]
[BlackTeam "Wien Husek"]
[WhiteTeamCountry "AUT"]
[BlackTeamCountry "AUT"]

1. e4 e5 2. d4 exd4 3. Qxd4 Nc6 4. Qa4 Bc5 5. Nf3 Qe7 6. Nc3 Nf6 7. Bg5 Bb4 8. Bd3 h6 9. Bd2 0-0 10. 0-0 Bc5 11. Rae1 Ne5 12. Nxe5 Qxe5 13. h3 d6 14. Kh1 Qh5 15. Be2 Bg4 16. Qc4 Bxe2 17. Nxe2 Qh4 18. Nf4 Bxf2 19. Ng6 Qg3 20. Ne7+ Kh8 21. Nf5 Bxe1 22. Nxg3 Bxg3 23. Bxh6 Nh5 24. Qe2 gxh6 25. Qxh5 Kh7 26. Rf6 1-0

[Event "Niederoesterreich Landesliga 1112"]
[Site "Austria"]
[Date "2012.03.11"]
[Round "9"]
[White "Rumpl, Erwin"]
[Black "Zojer, Stefan"]
[Result "1-0"]
[WhiteElo "2296"]
[BlackElo "2074"]
[PlyCount "81"]
[EventDate "2011.09.18"]
[EventType "team-tourn"]
[EventRounds "11"]
[EventCountry "AUT"]
[SourceTitle "EXT 2022"]
[Source "ChessBase"]
[SourceDate "2021.10.06"]
[SourceVersion "1"]
[SourceVersionDate "2021.10.06"]
[SourceQuality "1"]

1. c4 Nf6 2. g3 g6 3. Bg2 Bg7 4. Nc3 0-0 5. e4 e5 6. Nge2 Nc6 7. 0-0 d6 8. d3 Be6 9. Nd5 Qd7 10. Bg5 Ne8 11. Qd2 f6 12. Be3 Bh3 13. f4 Bxg2 14. Kxg2 exf4 15. Bxf4 Ne5 16. Rad1 c6 17. Ndc3 Nc7 18. b3 Nf7 19. Rb1 h6 20. b4 g5 21. Be3 Ne5 22. Nd4 d5 23. cxd5 cxd5 24. Nf5 dxe4 25. dxe4 Qxd2+ 26. Bxd2 Nc4 27. Rfd1 Rad8 28. Be1 Rfe8 29. g4 Na3 30. Rbc1 Bf8 31. Bg3 Nab5 32. Bxc7 Nxc7 33. Nd5 Nxd5 34. exd5 Re2+ 35. Kf3 Re5 36. d6 Rxf5+ 37. gxf5 Rxd6 38. Kg4 Rxd1 39. Rxd1 Bxb4 40. Rd7 b6 41. Rxa7 1-0

[Event "Lienz op 16th"]
[Site "Lienz"]
[Date "2011.02.17"]
[Round "7"]
[White "Hiermann, Dietmar"]
[Black "Zojer, Stefan"]
[Result "1-0"]
[WhiteElo "2280"]
[BlackElo "2043"]
[PlyCount "35"]
[EventDate "2011.02.12"]
[EventType "swiss"]
[EventRounds "9"]
[EventCountry "AUT"]
[SourceTitle "CBM 140 Extra"]
[Source "ChessBase"]
[SourceDate "2011.03.01"]
[SourceVersion "1"]
[SourceVersionDate "2011.03.01"]
[SourceQuality "1"]

1. e4 c5 2. Nc3 a6 3. a4 b6 4. Nf3 Bb7 5. Bc4 e6 6. 0-0 d6 7. d4 cxd4 8. Nxd4 Nf6 9. Re1 Nbd7 10. Bg5 Be7 11. Bxe6 fxe6 12. Nxe6 Qc8 13. Nxg7+ Kf8 14. Nf5 Rg8 15. Nxd6 Bxd6 16. Qxd6+ Kf7 17. Bxf6 Nxf6 18. Nd5 1-0